El universo-máquina / (Record no. 41497)

MARC details
000 -LEADER
campo de control de longitud fija 00491nam a2200169 i 4500
001 - NÚMERO DE CONTROL
campo de control 41497
003 - IDENTIFICADOR DE NÚMERO DE CONTROL
campo de control ES-MaACL
005 - FECHA Y HORA DE LA ÚLTIMA TRANSACCIÓN
campo de control 20230906160436.0
007 - CAMPO FIJO DE DESCRIPCIÓN FÍSICA--INFORMACIÓN GENERAL
campo de control de longitud fija t|
008 - DATOS DE LONGITUD FIJA--INFORMACIÓN GENERAL
campo de control de longitud fija 030311s1971 sp ||||1| spa d
100 1# - ENTRADA PRINCIPAL--NOMBRE DE PERSONA
Nombre de persona Casini, Paolo.
9 (RLIN) 36314
245 13 - MENCIÓN DEL TÍTULO
Título El universo-máquina /
Mención de responsabilidad, etc. Paolo Casini ; [traducción de Teresa Filesi].
260 ## - PUBLICACIÓN, DISTRIBUCIÓN, ETC.
Lugar de publicación, distribución, etc. [Barcelona] :
Nombre del editor, distribuidor, etc. Martínez Roca,
Fecha de publicación, distribución, etc. [1971]
300 ## - DESCRIPCIÓN FÍSICA
Extensión 314 p. ;
Dimensiones 20 cm.
700 1# - ENTRADA AGREGADA--NOMBRE PERSONAL
Nombre de persona Filesi, Teresa.
9 (RLIN) 50831
852 ## - LOCALIZACIÓN
Ubicación ES-MaACL
Número de control de estantería C-41148
Sublocalización o colección R.80213
Holdings
Estatus retirado Estado de pérdida Estado de daño No para préstamo Biblioteca de origen Biblioteca actual Ubicación en estantería Fecha de adquisición Fuente de adquisición Total de préstamos Signatura topográfica completa Código de barras Visto por última vez Precio de reemplazo Tipo de ítem Koha
        Biblioteca del Ateneo de Madrid Biblioteca del Ateneo de Madrid Depósito 2 17/01/2008     C-41148 1043684 23/02/2023 23/02/2023 Libro impreso